000 00632nam a2200253Ia 4500
003 OSt
005 20221006143846.0
006 a|||||r|||| 00| 0
007 ta
008 221006b |||||||| |||| 00| 0 eng d
020 _c500.02
024 _a10,198
037 _cTextual
040 _aEASL
_cEASL
_beng
041 _2eng
_aeng
082 _aW, M85
100 _aMINOGUE Kenneth
245 0 _aAlien powers
_b The pure theory of ideology
260 _aLondon
_bWeidenfeld
_c1985
300 _a255p.
_ccm.
490 _v Oth
942 _hW, M85
_cTEXL
_2CC
999 _c1078284
_d1078284